000 00602nam a2200253Ia 4500
005 20260306154551.0
008 008 260114s9999 xx 000 0 eng d
020 _a9781107110311
037 _aEBOOK
040 _aCRL
040 _beng
040 _cCRL
041 _2eng
041 _aeng
084 _qCRL
100 _aWalton
245 0 _aBurden of Proof, Presumption and Argumentation
260 _bCambridge University Press
260 _c2014
650 _a Philosophy
856 _uhttps://doi.org/10.1017/CBO9781107110311
942 _cEBOOK
999 _c1708050
_d1708050